Child Soldiers : (Record no. 3098)

MARC details
000 -LEADER
fixed length control field 00545nam a22001937a 4500
003 - CONTROL NUMBER IDENTIFIER
control field OSt
005 - DATE AND TIME OF LATEST TRANSACTION
control field 20160229134809.0
008 - FIXED-LENGTH DATA ELEMENTS--GENERAL INFORMATION
fixed length control field 160229b xxu||||| |||| 00| 0 eng d
020 ## - INTERNATIONAL STANDARD BOOK NUMBER
International Standard Book Number 9187748541
040 ## - CATALOGING SOURCE
Transcribing agency 040a
082 ## - DEWEY DECIMAL CLASSIFICATION NUMBER
Classification number 345.077
Item number CHI 2004
100 ## - MAIN ENTRY--PERSONAL NAME
Personal name Sendabo, Teferi
9 (RLIN) 6866
245 ## - TITLE STATEMENT
Title Child Soldiers :
Remainder of title rehabilation and social reintegration in Liberia /
Statement of responsibility, etc. Teferi Sendabo
260 ## - PUBLICATION, DISTRIBUTION, ETC. (IMPRINT)
Place of publication, distribution, etc. Uppsala
Name of publisher, distributor, etc. Tierps Tryckeri AB
Date of publication, distribution, etc. 2004
300 ## - PHYSICAL DESCRIPTION
Extent 140p;
Dimensions 8 cm
504 ## - BIBLIOGRAPHY, ETC. NOTE
Bibliography, etc includes index
650 ## - SUBJECT ADDED ENTRY--TOPICAL TERM
Topical term or geographic name as entry element Child soldiers
9 (RLIN) 6867
942 ## - ADDED ENTRY ELEMENTS (KOHA)
Source of classification or shelving scheme Dewey Decimal Classification
Koha item type Short Loan
Holdings
Withdrawn status Lost status Source of classification or shelving scheme Damaged status Not for loan Home library Current library Date acquired Inventory number Total Checkouts Full call number Barcode Date last seen Price effective from Koha item type Source of acquisition
    Dewey Decimal Classification     MUST Main Library MUST Main Library 29/02/2016 2005/25076   345.077 CHI 2004 2016-0249 29/02/2016 29/02/2016 Short Loan  
    Dewey Decimal Classification     MUST Main Library MUST Main Library 25/06/2024 05/25082   345.077 CHI 2004 2024-21280 25/06/2024 25/06/2024 Open Shelf Purchase
    Dewey Decimal Classification     MUST Main Library MUST Main Library 25/06/2024 05/25079   345.077 CHI 2004 2024-21281 25/06/2024 25/06/2024 Open Shelf Purchase
    Dewey Decimal Classification     MUST Main Library MUST Main Library 25/06/2024 05/25083   345.077 CHI 2004 2024-21282 25/06/2024 25/06/2024 Open Shelf Purchase
    Dewey Decimal Classification     MUST Main Library MUST Main Library 25/06/2024 05/25077   345.077 CHI 2004 2024-21283 25/06/2024 25/06/2024 Open Shelf Purchase